000 00383nam a22001457a 4500
003 OSt
008 200714b ||||| |||| 00| 0 eng d
082 _a546 PAP
100 _aPatil, Ketan.B
245 _aPractical book of Pharmaceutical Innrganic Chemistry
260 _aNew Delhi
_bIP Innovative Pub.
300 _a75
650 _aPharmaceutical Organic Chemisty
942 _2ddc
_cBK
999 _c8920
_d8920